1805 1322 1852 1356 1695 1632 1681 1589 1369 1204 1136 1908 1308 1768 1705 1048 1485 1320 1562 1727 1857 1142 1749 1336 1170 1999 1713 1914 1748 1683 1804 1963 1102 1626 1959 1921 1712 1352 1795 1578 1228 1270 1483 1962 1865 1684 1376 1958 1929 1142 1936 1702 1125 1108 1742 1885 1264 1911 1338 1979 1516 1871 1309 1371 1411 1124 1577 1995 1881 1623 1791 1592 1663 1802 1374 1203 1443 1783 1903 1990 1668 1660 1942 1947 1759 1444 1076 1603 1538 1740 1184 1803 1017 1379 1739 1234 1484 1650 1549 BCNSPRNW ULIB Ver.6.0+V

เปลี่ยนเป็นภาษาไทย

Change to English
 แสดงรายละเอียดบรรณานุกรม
  กลับหน้าหลัก

Brief Record : Get Marc (ISO 2709) : E-mail record : QR code < ปิดหน้าต่าง
LEADER : 00000nam 2200000uu 4500
001    13399108950
003     ULIB
008    110316s2551||||th 000 0 tha d
020    97496274
060  4 WA20.5^bส382ผ ล.3 2551
110 1  กระทรวงสาธารณสุข^bสำนักงานปลัดกระทรวง^bสถาบันพระบรมราชชนก
245 00 ผลงานวิชาการ:นำเสนอโดยอาจารย์สังกัดสถาบันพระบรมราชชนกและบุคลากรด้านสาธารณสุขในสังกัดสำนักงานปลัดกระทรวงสาธารณสุข เล่ม3/^cสถาบันพระบรมราชชนก
260    นนทบุรี:^bสถาบันพระบรมราชชนก,^c2551
300    598 หน้า
650  7 ผลงานวิชาการ
945    ^p0^l0^i025753
995    ทศพร
999 ^a ใช้งานได้ทุกระบบ
รายการนี้ยังไม่มีแท็ก
คุณยังไม่ได้ล็อกอิน คุณสามารถมีกิจกรรมร่วมกับเว็บไซต์ได้ แต่ต้องล็อกอินก่อน ::
  ล็อกอิน

รายการสื่อสารสนเทศ

ลำดับที่ ประเภท เลขเรียก/บาร์โค้ด สถานที่ สถานะ
- ไม่พบข้อมูล -

รายการใกล้เคียง
    หัวเรื่อง [ผลงานวิชาการ]

BibComment


ยังไม่เคยถูกคอมเมนท์

คอมเมนท์ทรัพยากรรายการนี้
  คอมเมนท์: ผลงานวิชาการนำเสน..


 Copyright 2026. Bcnsprnw @Library